000
00177 a2200085 4500
245
_a
The rise of the west
_h
Text
100
_a
W.H McNeill
650
_a
History
005
20191017173403.0
084
_a
CB69.M34
999
_c
10188
_d
10188